| 000 | 02277cam a22004457a 4500 | ||
|---|---|---|---|
| 999 |
_c29183 _d29154 |
||
| 001 | 17125066 | ||
| 003 | EG-ScBUE | ||
| 005 | 20210614111018.0 | ||
| 008 | 120118t2006 maua f 001 0 eng d | ||
| 020 | _a9780619243784 | ||
| 020 | _a0619243783 | ||
| 035 | _a(OCoLC)ocn428032595 | ||
| 040 |
_aBTCTA _beng _erda _cBTCTA _dSFU _dSZR _dSGB _dDLC _dEG-ScBUE |
||
| 082 | 0 | 4 |
_a005.2762 _bLAM _222 |
| 100 | 1 |
_aLambert, Kenneth Alfred, _d1951- _eauthor. |
|
| 245 | 1 | 0 |
_aFundamentals of Java : _bAPĀ® computer science essentials, essentials for the A exam / _cLambert and Osborne. |
| 250 | _aThird edition. | ||
| 264 | 1 |
_aBoston, Massachusetts : _bThomson Course Technology, _c[2006] |
|
| 264 | 4 | _cc2006 | |
| 300 |
_a1 volume (various pagings) : _billustrations (some color) ; _c29 cm |
||
| 336 |
_2rdacontent _atext _btxt |
||
| 337 |
_2rdamedia _aunmediated _bn |
||
| 338 |
_2rdacarrier _avolume _bnc |
||
| 500 | _aIncludes index. | ||
| 500 | _aIncludes appendices. | ||
| 505 | 0 | _aBackground -- First Java programs -- Syntax, errors, and debugging -- Introduction to control statements -- Using classes and objects in media computing -- Introduction to defining classes -- Control statements continued -- Improving the user interface -- Introduction to HTML and applets -- Introduction to arrays -- Classes continued -- Arrays continued -- Recursion, complexity, and searching and sorting -- Introduction to collections -- Multithreading, networks, and client/server programming. | |
| 521 | _aGrades 9-12. | ||
| 650 | 7 |
_aJava (Computer program language) _2BUEsh |
|
| 650 | 7 |
_aComputer science _vExaminations, questions, etc. _2BUEsh |
|
| 653 |
_bCOMSCI _cJune2021 |
||
| 655 |
_vReading book _934232 |
||
| 700 | 1 |
_aOsborne, Martin, _d1944- _eauthor. |
|
| 710 | 2 |
_aCourse Technology, Inc. _93914 |
|
| 856 | 4 | 2 |
_3Contributor biographical information _uhttp://www.loc.gov/catdir/enhancements/fy1303/2011499943-b.html |
| 856 | 4 | 2 |
_3Publisher description _uhttp://www.loc.gov/catdir/enhancements/fy1303/2011499943-d.html |
| 856 | 4 | 1 |
_3Table of contents only _uhttp://www.loc.gov/catdir/enhancements/fy1303/2011499943-t.html |
| 906 |
_a7 _bcbc _ccopycat _d2 _encip _f20 _gy-gencatlg |
||
| 942 |
_2ddc _cBB |
||